000 00753nam a22001817a 4500
999 _c63615
_d63615
003 Ge_BSU
005 20251114210937.0
008 251114s1972 ge ||||| |||| 00| 0 geo d
041 _ageo
080 _a908(574) ე-13
100 _aებრალიძე, ა.
_926238
245 _aსაბჭოთა ყაზახეთი /
_cა. ებრალიძე.
264 _aთბილისი :
_b საბჭ. საქართველო,
_c1972.
300 _a58 გვ. ;
_b16 სმ.
490 _aთავისუფალ ერთა მძლე კავშირი ძმური
653 _aკომუნისტური მშენებლობა ყაზახეთში.
942 _2udc
_cᲬᲘᲒᲜᲘ